000 00745nam a22002177a 4500
005 20180223113937.0
010 _aB-663779
020 _a9789381470305
_c595.00
035 _aB-663779
037 _bRHSP/Ven
_adpl
037 _bDBAD/PUB
082 _aS
245 _aBest stories of O Henry /
_ccompiled & edited by Moses Michael
260 _aNew Delhi
_bWorld Literature India
_c2016
270 _aJhari Villa,Bhullian Road,Mehrauli,
_bNew Delhi
_e110030
300 _a190p.
_c22cm(Hb)
490 _aWorld classic series
700 _aMichael,Moses
942 _2ddc
_cEN
_mBES
_hS
999 _c150114
_d150114